000 00357nam a2200133Ia 4500
008 220214s9999 xx 000 0 und d
100 _aDass H C
245 0 _aCellulose thin-layer chromatography of phenolic substances
260 _bJournal of Chromatography
_c1972
300 _a105-111
650 _aChromatography
700 _aWeaver G M
942 _cRE
999 _c45539
_d45539